000 00507nam a2200169Ia 4500
999 _c21271
_d21271
003 OSt
005 20200709102328.0
008 190216s9999||||xx |||||||||||||| ||und||
020 _a9788174366177
040 _coclc
082 _a364.15240924
_bMAL/M
100 _aMalgonkar, Manohar
_93685
245 4 _aThe Men Who Killed Gandhi /
_c Manohar Malgonkar
260 _bRoli Books,
_aNew Delhi:
_c2008.
300 _a354p
942 _cBK
_2ddc
_h364.15240924
_iMAL/M
_k364.15240924
_mMAL/M